00775nam a2200169Ia 450000500170000000800410001702000150005808200130007310000160008624500350010226000510013730000120018850002880020094200060048895200960049499900150059020240610020155.0240331s9999 xx 000 0 und d a035618840X bAMNa620 aStaunton, M 0aAmnesty international handbook aLondonbMacdonald & Co.(Publishers) Ltd.c1990 a134 p., aAmnesty International campaigns for the release of men and women who are imprisoned for their political or religious beliefs or for their race, colour, language or ethnic origin, provided they have not used or advocated violence. These people are called "Prisoners of Conscience".  cL 001040708LaWERCLbWERCLcSSCd2024-03-31l0o 365.4 AMNp620r2024-03-31w2024-03-31yL c2940d2940